| 000 | 00419nam a2200145Ia 4500 | ||
|---|---|---|---|
| 008 | 220217s9999||||xx |||||||||||||| ||und|| | ||
| 020 | _a81-7808-781-2 | ||
| 082 | _a004.21 HOF | ||
| 100 |
_aHoffer, Jeffrey, A George, Joey, F etal. _93598 |
||
| 245 | 0 | _aModern systems analysis and design | |
| 250 | _a3rd | ||
| 260 |
_aPearson education asia _bDelhi _c2002 |
||
| 300 | _b350 | ||
| 650 | _aCOMPUTER ARCHITECTURE | ||
| 999 |
_c172234 _d172234 |
||